000 nam a22 7a 4500
999 _c25980
_d25980
008 170201b xxu||||| |||| 00| 0 eng d
020 _a9780324377231
050 _aKF 888 .M55 2007
100 _aMiller, Roger LeRoy
245 _aInstructor's Manual to Accompany:
_bBusiness Law Today: Comprehensive Edition/
_cRoger LeRoy Miller and Gaylord A. Jentz
250 _a7th ed.
260 _aAustralia:
_bThomson,
_c2007.
300 _axiii,686p.:
_bill.;
_c28cm.
521 _aIncludes index.
650 _aCommercial Law.
650 _aTrade Regulation.
700 _aJentz, Gaylord A.
942 _2lcc
_cBOOKS
_hKF 888 .M55 2007